El gatopardo (Registro nro. 22065)
[ vista simple ]
| 000 -ENCABEZADO | |
|---|---|
| Número de control [NR] | 00870nam a2200241Ia 4500 |
| 008 - DE LONGITUD FIJA DE DATOS DE ELEMENTOS - INFORMACIÓN GENERAL | |
| Elementos de longitud fija [NR] | 130821s1959 ck gr spa |
| 040 ## - FUENTE DE CATALOGACION [NR] | |
| Agencia de catalogación original [NR] | Co-BoUCM |
| Idioma de catalogación [NR] | spa |
| 041 00 - CODIGO DE IDIOMA [R] | |
| Código de idioma para texto/pista de sonido o título separado [R] | Español |
| 100 1# - ASIENTO PRINCIPAL--NOMBRE PERSONAL [NR] | |
| Nombre personal [NR] | Lampedusa, Giuseppe Tomas |
| Fechas asociadas con el nombre [NR] | 1896-1957 |
| ID Autoridad | 156731 |
| 245 13 - MENCION DE TITULO [NR] | |
| Título [NR] | El gatopardo |
| Mención de responsabilidad, etc. [NR] | Giuseppe Tomas Lampedusa; traducción Fernando Gutiérrez. Prólogo de Giorgio Bassani. |
| 260 ## - PUBLICACION, DISTRIBUCION, ETC. (PIE DE IMPRENTA) [R] | |
| Lugar de publicación, distribución, etc. [R] | Bogotá (Colombia) |
| Nombre del editor, distribuidor, etc. [R] | Circulo de Lectores |
| Fecha de publicación, distribución, etc. [R] | 1959 |
| 300 ## - DESCRIPCION FISICA [R] | |
| Extensión [R] | 241 páginas |
| 490 ## - MENCION DE SERIE [R] | |
| Mención de serie [R] | Grandes Autores, Grandes Obras |
| 504 ## - NOTA DE BIBLIOGRAFIA, ETC. [R] | |
| Nota de bibliografía, etc. [NR] | |
| 650 04 - ASIENTO SECUNDARIO DE MATERIA - TERMINO TEMATICO [R] | |
| Término temático o nombre geográfico como elemento de entrada [NR] | Literatura europea |
| 9 (RLIN) | 26524 |
| 650 04 - ASIENTO SECUNDARIO DE MATERIA - TERMINO TEMATICO [R] | |
| Término temático o nombre geográfico como elemento de entrada [NR] | Literatura italiana |
| 9 (RLIN) | 18694 |
| 650 04 - ASIENTO SECUNDARIO DE MATERIA - TERMINO TEMATICO [R] | |
| Término temático o nombre geográfico como elemento de entrada [NR] | Novela italiana |
| 9 (RLIN) | 20534 |
| 650 04 - ASIENTO SECUNDARIO DE MATERIA - TERMINO TEMATICO [R] | |
| Término temático o nombre geográfico como elemento de entrada [NR] | Novela política italiana |
| 9 (RLIN) | 20564 |
| 651 ## - ASIENTO SECUNDARIO DE MATERIA - NOMBRE GEOGRAFICO [R] | |
| Nombre geográfico [NR] | Italia |
| Subdivisión general [R] | Historia política |
| Subdivisión de forma [R] | Novela |
| 9 (RLIN) | 26640 |
| 765 #3 - ASIENTO DE IDIOMA ORIGINAL [R] | |
| Asiento principal [NR] | Il Gattopardo. |
| 942 ## - ELEMENTOS DE ENTRADA AGREGADOS (KOHA) | |
| Tipo de ítem principal el descrito en 300a | Libro |
| Tema principal | Literatura |
| Edición | 1 |
| Parte restante de la signatura top. | L15g |
| Sistema de clasificación | DEWEY |
| Clasificación | 853.912 |
| Fecha de último préstamo | Total préstamos | Signatura topográfica | Código de barras | Última vez visto | Ejemplar | Price effective from | Tipo de ítem | Perdido | Sistema de clasificación | Dañado | No prestable | Tipo de ítem específico | Suprimido | Ubicación habitual | Ubicación actual | Localización | Fecha de creación | Forma de adquisición | Costo |
|---|---|---|---|---|---|---|---|---|---|---|---|---|---|---|---|---|---|---|---|
| 21/05/2010 | 4 | 853.912 L15g | 100054011 | 01/12/2025 | Ej.1 | 03/02/2013 | Libro | DEWEY | Libro | Fundación Cardioinfantil | Fundación Cardioinfantil | 1er piso | 28/02/2003 | Donación | 26000.00 |